Southville International School and Colleges
Your cart is empty.
  • Cart
  • Lists
    Public lists Eva Luna New books Lux_list list_1
    Your lists Log in to create your own lists
  • Log in to your account
  • Your cookies
  • Search history
Southville International School and Colleges
  • Advanced search
  • Recent comments
  • Most popular
  • Libraries

Log in to your account

Log in with GOOGLE


If you do not have an external account, but do have a local account, you can still log in:

  1. Home
  2. MARC view: Miami purity /
Normal view MARC view ISBD view

Miami purity / (Record no. 20975)

[ view plain ]
MARC details
000 -LEADER
fixed length control field 00545nam a2200181 a 4500
005 - DATE AND TIME OF LATEST TRANSACTION
control field 20140310183301.0
008 - FIXED-LENGTH DATA ELEMENTS--GENERAL INFORMATION
fixed length control field 041207s19uu xx 00 eng d
020 ## - INTERNATIONAL STANDARD BOOK NUMBER
International Standard Book Number 9780749395605
050 ## - LIBRARY OF CONGRESS CALL NUMBER
Classification number PS 3558.E495187
Item number .H498 1997
100 ## - MAIN ENTRY--PERSONAL NAME
Personal name Hendricks, Vicki
245 ## - TITLE STATEMENT
Title Miami purity /
Statement of responsibility, etc Vicki Hendricks.
260 ## - PUBLICATION, DISTRIBUTION, ETC. (IMPRINT)
Place of publication, distribution, etc Great Britain :
Name of publisher, distributor, etc Mandarin Paperbacks,
Date of publication, distribution, etc 1997.
300 ## - PHYSICAL DESCRIPTION
Extent 230 p. :
Dimensions 18 cm.
650 ## - SUBJECT ADDED ENTRY--TOPICAL TERM
Topical term or geographic name as entry element Young women
General subdivision Florida Miami
-- Psychology
-- Fiction.
650 ## - SUBJECT ADDED ENTRY--TOPICAL TERM
Topical term or geographic name as entry element Man-woman relations
General subdivision Fiction.
942 ## - ADDED ENTRY ELEMENTS (KOHA)
Koha item type Books
Source of classification or shelving scheme Library of Congress Classification
Holdings
Withdrawn status Lost status Source of classification or shelving scheme Damaged status Home library Current library Shelving location Date acquired Total Checkouts Full call number Barcode Date last seen Copy number Price effective from Koha item type
    Library of Congress Classification   College Library College Library Fiction Section 12/07/2004   PS 3558.E495187 .H498 1997 C5806 05/08/2018 1 10/10/2013 Books

Miami purity /

APA

Hendricks V., . (1997). Miami purity. Great Britain: Mandarin Paperbacks.

Chicago

Hendricks Vicki, . 1997. Miami purity. Great Britain: Mandarin Paperbacks.

Harvard

Hendricks V., . (1997). Miami purity. Great Britain: Mandarin Paperbacks.

MLA

Hendricks Vicki, . Miami purity. Great Britain: Mandarin Paperbacks. 1997.

  • Place hold
  • Print
  • Cite
  • Add to your cart (remove)
  • Save record
    BIBTEX Dublin Core MARCXML MARC (non-Unicode/MARC-8) MARC (Unicode/UTF-8) MARC (Unicode/UTF-8, Standard) MODS (XML) RIS
  • More searches
    Search for this title in:
    Other Libraries (WorldCat) Other Databases (Google Scholar) Online Stores (Bookfinder.com) Open Library (openlibrary.org)

Exporting to Dublin Core...

SOUTHVILLE LIBRARY

Southville International School and Colleges Library

1281 Tropical Ave. Cor. Luxembourg St., BF Homes International, Las Pinas City

Tel. No. 8256374 / 252358 Loc. 117/146

Powered by Koha